000 00820nam a2200181 i 4500
001 189373
003 ES-MaACL
005 20230906223446.0
008 190527s1881 sp |||| | spa d
100 1 _aMac-Pherson, J. (
_d1839-1902)
_975045
245 1 0 _aApuntes petrográficos de Galicia /
_cpor J. Macpherson.
260 _a[S.l. :
_bs.n.,
_c1881?]
300 _aP. [49]-87., [1] h. de lám.. ;
_c23 cm.
594 _aSin portada, título y autor tomado de principio del texto.
595 _aSeparata de: Anales de la Soc. Esp. de Hist. Natural. T. X, 1881.
650 4 _aGeología-
_zGalicia.
_9150369
852 _aES-MaACL
_jB-8927(7)
_z.- Legado de Federico de Botella y de Hornos
_z.- Encuadernado en un vol. facticio agrupado con el nombre en el lomo: España, geología, memorias y documentos varios 41 al 56
999 _c189373
_d189373